San Carlos (Record no. 60987)

MARC details
000 -LEADER
campo de control de longitud fija 00889nac a2200229 a 4500
003 - IDENTIFICADOR DE NÚMERO DE CONTROL
campo de control Co-PeBPM
005 - FECHA Y HORA DE LA ÚLTIMA TRANSACCIÓN
campo de control 20250703155918.0
008 - DATOS DE LONGITUD FIJA--INFORMACIÓN GENERAL
campo de control de longitud fija 250703b |||||||| |||| 00| 0 spa d
020 ## - NÚMERO INTERNACIONAL ESTÁNDAR DEL LIBRO
Número Internacional Estándar del Libro 9789588944098
040 0# - FUENTE DE CATALOGACIÓN
Centro catalogador/agencia de origen Co-PeBPM
Lengua de catalogación spa
Centro/agencia transcriptor Co-PeBPM
Normas de descripción rda
041 0# - CÓDIGO DE IDIOMA
Código de lengua del texto/banda sonora o título independiente spa
082 ## - NÚMERO DE LA CLASIFICACIÓN DECIMAL DEWEY
Número de clasificación 303.609861 C35s
110 2# - ENTRADA PRINCIPAL--NOMBRE DE ENTIDAD CORPORATIVA
Nombre de entidad corporativa o nombre de jurisdicción como elemento de entrada Centro Nacional de Memoria Histórica.
245 10 - MENCIÓN DEL TÍTULO
Título San Carlos
Resto del título : memorias del éxodo en la guerra : resumen
Mención de responsabilidad, etc. / Centro Nacional de Memoria Histórica.
250 ## - MENCION DE EDICION
Mención de edición Segunda edición.
260 ## - PUBLICACIÓN, DISTRIBUCIÓN, ETC.
Lugar de publicación, distribución, etc. Bogotá
Nombre del editor, distribuidor, etc. : Centro Nacional de Memoria Histórica
Fecha de publicación, distribución, etc. , 2015
300 ## - DESCRIPCIÓN FÍSICA
Extensión 110 páginas
Dimensiones ; 23 cm.
650 14 - PUNTO DE ACCESO ADICIONAL DE MATERIA--TÉRMINO DE MATERIA
Fuente del encabezamiento o término LEMB
Término de materia o nombre geográfico como elemento de entrada Desplazamiento forzado
Subdivisión cronológica 1977-2009
Subdivisión geográfica San Carlos (Antioquia, Colombia)
650 14 - PUNTO DE ACCESO ADICIONAL DE MATERIA--TÉRMINO DE MATERIA
Fuente del encabezamiento o término LEMB
Término de materia o nombre geográfico como elemento de entrada Violencia
Subdivisión cronológica 1977-2009
Subdivisión geográfica San Carlos (Antioquia, Colombia)
650 14 - PUNTO DE ACCESO ADICIONAL DE MATERIA--TÉRMINO DE MATERIA
Fuente del encabezamiento o término LEMB
Término de materia o nombre geográfico como elemento de entrada Víctimas de la violencia
Subdivisión cronológica 1977-2009
Subdivisión geográfica San Carlos (Antioquia, Colombia)
942 ## - ELEMENTOS DE ENTRADA SECUNDARIOS (KOHA)
Fuente del sistema de clasificación o colocación Clasificación Decimal Dewey
Tipo de ítem Koha Libros
Suprimir en OPAC No
Holdings
Estatus retirado Estado de pérdida Fuente del sistema de clasificación o colocación Estado de daño No para préstamo Biblioteca de origen Biblioteca actual Fecha de adquisición Total de préstamos Signatura topográfica completa Código de barras Visto por última vez Copia número Precio de reemplazo Tipo de ítem Koha
    Clasificación Decimal Dewey     BIBLIOTECA HUGO ANGEL JARAMILLO BIBLIOTECA HUGO ANGEL JARAMILLO 03/07/2025   303.609861 C35s 61949 03/07/2025 Ej. 1 03/07/2025 Libros

Powered by Koha